[Event "CAN-chT University"]
[Site "Montreal"]
[Date "2013.01.12"]
[Round "1"]
[White "MacKinnon, Keith"]
[Black "Olden Cooligan, Ben"]
[Result "1-0"]
[WhiteElo "2320"]
[BlackElo "1969"]
[PlyCount "93"]
[EventDate "2013.01.12"]
[EventType "swiss"]
[EventRounds "5"]
[EventCountry "CAN"]
[SourceTitle "EXT 2014"]
[Source "ChessBase"]
[SourceDate "2013.11.20"]
[SourceVersion "1"]
[SourceVersionDate "2013.11.20"]
[SourceQuality "1"]

1. e4 e6 2. d4 d5 3. Nd2 c5 4. Ngf3 cxd4 5. exd5 Qxd5 6. Bc4 Qd6 7. 0-0 Nf6 8. Nb3 Nc6 9. Qe2 Bd7 10. Rd1 Qc7 11. Nbxd4 Nxd4 12. Nxd4 a6 13. Bg5 Be7 14. Bh4 0-0 15. Bg3 Qb6 16. Nf5 Bc5 17. Nxg7 Kxg7 18. Be5 Rfd8 19. Qg4+ Kf8 20. Bxf6 Qc7 21. Qg7+ Ke8 22. Qg8+ Bf8 23. Bxd8 Rxd8 24. Bb3 Qf4 25. Rd3 Qh6 26. Rad1 b5 27. c4 Qg7 28. Rg3 Qxg8 29. Rxg8 Ke7 30. cxb5 axb5 31. Bc2 Ra8 32. a3 h6 33. Be4 Rb8 34. Bf3 e5 35. Bd5 Rc8 36. Rg3 Bf5 37. Rc3 Rxc3 38. bxc3 Kf6 39. Ra1 Bc2 40. Bc6 Bd3 41. a4 bxa4 42. Rxa4 Kg5 43. h4+ Kf6 44. Bd5 Bc5 45. c4 Bd4 46. Ra6+ Kg7 47. Rc6 1-0

[Event "Canadian op 48th"]
[Site "Toronto"]
[Date "2011.07.15"]
[Round "7"]
[White "Loadman, Ian"]
[Black "Olden Cooligan, Ben"]
[Result "0-1"]
[WhiteElo "2218"]
[BlackElo "1893"]
[PlyCount "100"]
[EventDate "2011.07.09"]
[EventType "swiss"]
[EventRounds "9"]
[EventCountry "CAN"]
[SourceTitle "EXT 2022"]
[Source "ChessBase"]
[SourceDate "2021.10.06"]
[SourceVersion "1"]
[SourceVersionDate "2021.10.06"]
[SourceQuality "1"]

1. e4 e6 2. d4 d5 3. Nc3 Bb4 4. e5 c5 5. a3 Bxc3+ 6. bxc3 Ne7 7. Nf3 Nbc6 8. Bd3 Qa5 9. Bd2 Qa4 10. Qc1 c4 11. Be2 0-0 12. 0-0 Rb8 13. Re1 Bd7 14. Bf1 b5 15. Qd1 Qa5 16. g3 Qc7 17. a4 bxa4 18. Bc1 Rb7 19. Ba3 f5 20. exf6 Rxf6 21. Bg2 Be8 22. Qd2 Qd7 23. Ne5 Nxe5 24. Rxe5 Nc6 25. Re3 Bg6 26. Rae1 Nd8 27. f4 Rb6 28. Bh3 Be4 29. Bg2 Bxg2 30. Kxg2 Qc7 31. Qe2 Nf7 32. h3 Qd7 33. Bc5 Nd8 34. Ba3 Nb7 35. f5 Nd8 36. g4 g6 37. Kh1 Qf7 38. Rg3 Nb7 39. Qe5 Nd8 40. Bc1 exf5 41. gxf5 Rxf5 42. Qe8+ Qxe8 43. Rxe8+ Rf8 44. Re1 Re6 45. Reg1 Rf2 46. Ba3 Ree2 47. Rb1 Ne6 48. Rb7 Nf4 49. Bf8 Kxf8 50. Rxg6 hxg6 0-1